[Event "Festival"]
[Site "Marostica ITA"]
[Date "1995.09.??"]
[Round "6"]
[White "Torelli, Mirco"]
[Black "Giuriati, Paolo"]
[Result "0-1"]
[WhiteElo "1998"]
[BlackElo "1957"]
[PlyCount "64"]
[EventDate "1995.09.08"]

1. d4 Nf6 2. c4 g6 3. Nc3 Bg7 4. e4 d6 5. Be2 O-O 6. Nf3 e5 7. O-O Nc6 8. d5
Ne7 9. Ne1 Nd7 10. Nd3 f5 11. Bd2 Nf6 12. f3 f4 13. c5 g5 14. Rc1 a6 15. Na4 g4
16. Qb3 g3 17. h3 Qe8 18. cxd6 cxd6 19. Nb6 Bxh3 20. Nxf4 exf4 21. Bxf4 Nh5 22.
Be3 Nf4 23. Bxf4 Rxf4 24. gxh3 Bd4+ 25. Kg2 Ng6 26. Kxg3 Qe5 27. Kg2 Qg5+ 28.
Kh2 Be5 29. Nxa8 Rxe4+ 30. Kh1 Rxe2 31. Rc8+ Kg7 32. Rc7+ Kh6 0-1

[Event "Festival"]
[Site "Marostica ITA"]
[Date "1995.09.??"]
[Round "6"]
[White "Ventura, Boris"]
[Black "Ventura, Sergio"]
[Result "1/2-1/2"]
[WhiteElo "2038"]
[BlackElo "1998"]
[PlyCount "20"]
[EventDate "1995.09.08"]

1. e4 c5 2. Nf3 d6 3. d4 cxd4 4. Nxd4 Nf6 5. Nc3 Nc6 6. Nxc6 bxc6 7. Bd3 g6 8.
O-O Bg7 9. Bg5 O-O 10. Qd2 Re8 1/2-1/2

[Event "Festival"]
[Site "Marostica ITA"]
[Date "1995.09.??"]
[Round "7"]
[White "Alberton, Roberto"]
[Black "Lucaroni, Massimiliano"]
[Result "0-1"]
[WhiteElo "2054"]
[BlackElo "2280"]
[PlyCount "236"]
[EventDate "1995.09.08"]

1. e4 e5 2. Nf3 Nc6 3. Bb5 Nf6 4. O-O Bc5 5. Nc3 d6 6. d4 exd4 7. Nxd4 Bd7 8.
Be3 O-O 9. Be2 Ne5 10. Bg5 h6 11. Bxf6 Qxf6 12. Nb3 Bb6 13. Nd5 Qh4 14. Nxb6
axb6 15. f4 Ng4 16. Bxg4 Qxg4 17. Qxg4 Bxg4 18. Nd2 Rfe8 19. Rfe1 Re7 20. Kf2
Bd7 21. Re3 Bc6 22. g3 Ra4 23. c4 Ra5 24. a3 Rh5 25. Kg1 b5 26. g4 Rh4 27. h3
h5 28. cxb5 Bxb5 29. Rg3 hxg4 30. hxg4 Be2 31. Re1 Rxg4 32. Kf2 Rxg3 33. Kxg3
Bb5 34. f5 f6 35. Kf4 Kf7 36. Nf3 Bd3 37. Re3 Bb1 38. Nd2 Bc2 39. Rc3 Ba4 40.
Rc4 Bc6 41. Rb4 d5 42. exd5 Bxd5 43. Rd4 Bc6 44. Nc4 b6 45. Ne3 Bb7 46. Ra4 c5
47. Ra7 b5 48. a4 bxa4 49. Rxa4 g5+ 50. fxg6+ Kxg6 51. Rc4 Re5 52. b4 cxb4 53.
Rxb4 Bh1 54. Rc4 Rh5 55. Kg3 Re5 56. Kf4 Bb7 57. Rb4 Bc8 58. Rd4 Rh5 59. Rc4
Be6 60. Rc7 Rh4+ 61. Kf3 f5 62. Rc6 Kf6 63. Rb6 Ra4 64. Rb5 Kg5 65. Rc5 Bd7 66.
Rc4 Ra6 67. Kf2 Bc6 68. Rc5 Be4 69. Nxf5 Bxf5 70. Ke3 Rd6 71. Rc3 Kf6 72. Ra3
Rd5 73. Rc3 Ke5 74. Ra3 Be4 75. Rb3 Ra5 76. Rc3 Ra6 77. Rb3 Rh6 78. Rb5+ Bd5
79. Rb4 Rh3+ 80. Kd2 Be4 81. Rb8 Rd3+ 82. Ke2 Ra3 83. Rb4 Kf4 84. Kd2 Rh3 85.
Rb8 Rd3+ 86. Ke2 Rc3 87. Rb2 Rc5 88. Kd2 Kf3 89. Ra2 Bg6 90. Rb2 Rc4 91. Ra2
Kf4 92. Rb2 Be4 93. Ra2 Ke5 94. Ke3 Rc3+ 95. Ke2 Bd5 96. Ra4 Bc4+ 97. Kd2 Kd4
98. Ra7 Rh3 99. Rd7+ Bd5 100. Kc2 Rh2+ 101. Kc1 Kc4 102. Kd1 Ra2 103. Ke1 Kd4
104. Rc7 Be4 105. Kf1 Ke3 106. Kg1 Bf3 107. Re7+ Kf4 108. Rg7 Bg4 109. Kf1 Bf3
110. Re7 Be4 111. Kg1 Ke3 112. Rf7 Rg2+ 113. Kf1 Rg5 114. Re7 Rh5 115. Rg7 Rh1+
116. Rg1 Rh2 117. Rg3+ Bf3 118. Rg1 Ra2 0-1

[Event "Festival"]
[Site "Marostica ITA"]
[Date "1995.09.??"]
[Round "7"]
[White "Belotti, Bruno"]
[Black "Mantovani, Renzo"]
[Result "1/2-1/2"]
[WhiteElo "2380"]
[BlackElo "2365"]
[PlyCount "29"]
[EventDate "1995.09.08"]

1. d4 d5 2. c4 e6 3. Nc3 Nf6 4. cxd5 exd5 5. Bg5 Be7 6. e3 c6 7. Bd3 O-O 8. Nf3
Re8 9. Qc2 Nbd7 10. O-O Nf8 11. Rab1 a5 12. a3 g6 13. b4 axb4 14. axb4 Ne6 15.
Bxf6 1/2-1/2

[Event "Festival"]
[Site "Marostica ITA"]
[Date "1995.09.??"]
[Round "7"]
[White "Csom, Istvan"]
[Black "Bancod, Ronald"]
[Result "1-0"]
[WhiteElo "2455"]
[BlackElo "2385"]
[PlyCount "133"]
[EventDate "1995.09.08"]

1. c4 g6 2. d4 Nf6 3. Nf3 Bg7 4. g3 c5 5. Bg2 Qa5+ 6. Nbd2 cxd4 7. Nxd4 Nc6 8.
Nc2 d6 9. Ne3 h5 10. O-O h4 11. Nd5 hxg3 12. hxg3 Bh3 13. Nf3 Bxg2 14. Kxg2
Nxd5 15. cxd5 Ne5 16. Qb3 Nxf3 17. exf3 Rh5 18. Rd1 O-O-O 19. Be3 Kb8 20. Rac1
Rdh8 21. f4 Rc8 22. Rxc8+ Kxc8 23. Qc4+ Kb8 24. b4 Qd8 25. Rc1 Qd7 26. b5 b6
27. a4 Rh8 28. Kf3 Rc8 29. Qe4 Rxc1 30. Bxc1 Qc7 31. Be3 Bf6 32. g4 Qd7 33. f5
gxf5 34. Qxf5 Qxf5+ 35. gxf5 Kc7 36. Ke4 Bc3 37. Kd3 Bb4 38. f6 Kd7 39. fxe7
Kxe7 40. Bg5+ Ke8 41. Ke4 Bc5 42. f3 Bb4 43. Kf5 Bc3 44. Kg4 Bb4 45. Kh5 Bc3
46. Bh4 Bb4 47. Kh6 Bd2+ 48. Kg7 Bc3+ 49. Bf6 Bd2 50. Kg8 Bb4 51. f4 Bd2 52. f5
Bb4 53. Bd4 Bd2 54. f6 Bb4 55. Be3 Bc3 56. Kg7 Ba5 57. Bf4 Bb4 58. Bg3 Bc5 59.
Be1 Bd4 60. a5 Bc5 61. Bc3 Be3 62. a6 Bc5 63. Bd2 Ba3 64. Bf4 Bc5 65. Kg8 Bb4
66. Bh6 Be1 67. Be3 1-0

[Event "Festival"]
[Site "Marostica ITA"]
[Date "1995.09.??"]
[Round "7"]
[White "Elstner, Herbert"]
[Black "Duarte, Riccardo"]
[Result "1-0"]
[WhiteElo "2215"]
[BlackElo "2050"]
[PlyCount "56"]
[EventDate "1995.09.08"]

1. e4 e5 2. d4 exd4 3. Nf3 Bb4+ 4. c3 dxc3 5. Nxc3 c6 6. Bc4 Qf6 7. e5 Qg6 8.
O-O Nh6 9. Bd3 Qh5 10. Ne4 Nf5 11. Bd2 Be7 12. Nd6+ Nxd6 13. exd6 Bxd6 14. Re1+
Kd8 15. Ne5 Qxd1 16. Nxf7+ Kc7 17. Raxd1 Rf8 18. Nxd6 Kxd6 19. Bb4+ c5 20. Be4+
Kc7 21. Bxc5 Rf6 22. Bd4 Ra6 23. Bxg7 Rxa2 24. Be5+ Kb6 25. Re3 Nc6 26. Rb3+
Ka6 27. Bd3+ Ka5 28. Bc3+ Ka4 1-0

[Event "Festival"]
[Site "Marostica ITA"]
[Date "1995.09.??"]
[Round "7"]
[White "Godena, Michele"]
[Black "Borgo, Giulio"]
[Result "1/2-1/2"]
[WhiteElo "2420"]
[BlackElo "2345"]
[PlyCount "36"]
[EventDate "1995.09.08"]

1. d4 Nf6 2. Nf3 c5 3. e3 e6 4. c4 d6 5. dxc5 Qa5+ 6. Nc3 Qxc5 7. b3 Be7 8. Nb5
Qb6 9. Ba3 d5 10. Bxe7 Kxe7 11. Qd2 Nc6 12. cxd5 exd5 13. Be2 Bg4 14. Nc3 Rhd8
15. O-O Kf8 16. Na4 Qc7 17. Rfd1 Qe7 18. Rac1 d4 1/2-1/2

[Event "Festival"]
[Site "Marostica ITA"]
[Date "1995.09.??"]
[Round "7"]
[White "Negro, Roberto"]
[Black "Aranovitch, Emiliano"]
[Result "1-0"]
[WhiteElo "2164"]
[BlackElo "2280"]
[PlyCount "85"]
[EventDate "1995.09.08"]

1. d4 Nf6 2. c4 d6 3. Nc3 Nbd7 4. e4 e5 5. Nf3 Be7 6. Be2 O-O 7. O-O h6 8. Qc2
c6 9. Rd1 Qc7 10. Nh4 Re8 11. Nf5 Nf8 12. Nxe7+ Qxe7 13. d5 c5 14. Be3 Ng6 15.
Qd2 Nh7 16. Bd3 Rf8 17. f3 f5 18. Rdb1 fxe4 19. Nxe4 Nf4 20. b4 b6 21. a4 Nxd3
22. Qxd3 Bf5 23. Rb2 Nf6 24. Nxf6+ Qxf6 25. Qd2 Qg6 26. Ra3 Rf7 27. a5 cxb4 28.
Rxb4 bxa5 29. Rxa5 Rc7 30. Ra6 Bd3 31. Raa4 Rac8 32. c5 dxc5 33. Rg4 Qf5 34.
Bxh6 c4 35. Qc3 Rb8 36. h3 Qf6 37. Bf4 Re8 38. Bg3 Qd6 39. f4 e4 40. f5 Qxd5
41. Bxc7 Qc5+ 42. Kh1 Qxc7 43. f6 1-0

[Event "Festival"]
[Site "Marostica ITA"]
[Date "1995.09.??"]
[Round "7"]
[White "Pastres, Roberto"]
[Black "Ventura, Boris"]
[Result "0-1"]
[WhiteElo "2220"]
[BlackElo "2038"]
[PlyCount "81"]
[EventDate "1995.09.08"]

1. d4 Nf6 2. c4 c5 3. d5 e5 4. Nc3 d6 5. e4 Be7 6. Nf3 Nbd7 7. Be2 Nf8 8. O-O
Ng6 9. Ne1 a6 10. a3 O-O 11. Rb1 Ne8 12. b4 b6 13. Nd3 Bg5 14. bxc5 bxc5 15.
Qa4 Bxc1 16. Rfxc1 Bd7 17. Qd1 Qg5 18. Rc2 Nh4 19. Ne1 f5 20. exf5 Nf6 21. Qd2
Qxf5 22. f3 e4 23. fxe4 Nxe4 24. Nxe4 Qxe4 25. Nf3 Bf5 26. Rcc1 Bg4 27. Nxh4
Bxe2 28. Re1 Rae8 29. Nf3 Qxc4 30. Ng5 Bg4 31. Rxe8 Rxe8 32. Rc1 Qd4+ 33. Qxd4
cxd4 34. h3 Re5 35. Rc7 Rxg5 36. hxg4 Rxd5 37. Rc6 d3 38. Rc1 d2 39. Rd1 Kf7
40. Kf2 Ke6 41. Ke3 0-1

[Event "Festival"]
[Site "Marostica ITA"]
[Date "1995.09.??"]
[Round "7"]
[White "Pegoraro, Giorgio"]
[Black "Torelli, Mirco"]
[Result "1-0"]
[WhiteElo "2094"]
[BlackElo "1998"]
[PlyCount "61"]
[EventDate "1995.09.08"]

1. e4 c5 2. Nf3 e6 3. d4 cxd4 4. Nxd4 Nf6 5. Nc3 d6 6. Be3 Be7 7. g4 d5 8. exd5
Nxd5 9. Bb5+ Bd7 10. Nxd5 exd5 11. Bxd7+ Qxd7 12. Qe2 O-O 13. O-O-O Nc6 14. Nf5
Bf6 15. Qf3 Nb4 16. a3 Na2+ 17. Kb1 Nc3+ 18. bxc3 Qb5+ 19. Kc1 Bxc3 20. Rxd5
Qb2+ 21. Kd1 Qb1+ 22. Ke2 Qxc2+ 23. Kf1 b6 24. Kg2 Rfe8 25. Rc1 Qb2 26. Rd7 Bf6
27. Rcc7 Rad8 28. g5 Rxd7 29. Rxd7 Be5 30. Nh6+ Kh8 31. Qxf7 1-0

[Event "Festival"]
[Site "Marostica ITA"]
[Date "1995.09.??"]
[Round "7"]
[White "Rosino, Antonio"]
[Black "Nurkic, Sahbaz"]
[Result "0-1"]
[WhiteElo "2320"]
[BlackElo "2420"]
[PlyCount "78"]
[EventDate "1995.09.08"]

1. e4 g6 2. d4 Bg7 3. f4 d5 4. exd5 Qxd5 5. Nf3 Bg4 6. Be2 Nd7 7. c3 c5 8. O-O
cxd4 9. Nxd4 Bxe2 10. Qxe2 Ngf6 11. Nd2 O-O 12. N2f3 e6 13. b3 Qc5 14. c4 Rae8
15. Be3 Ng4 16. Rad1 Nxe3 17. Qxe3 e5 18. fxe5 Nxe5 19. Nxe5 Bxe5 20. Qf2 Bc7
21. Nf3 Bb6 22. Qxc5 Bxc5+ 23. Kh1 Re2 24. Rd7 Rxa2 25. Ng5 Re2 26. Rxb7 h6 27.
Nxf7 Be7 28. Nxh6+ Kg7 29. Rd1 Kxh6 30. Rxa7 Rff2 31. h3 Bg5 32. Rg1 Rb2 33.
Rb7 Rfc2 34. Rb5 Be3 35. Re1 Bf4 36. Rg1 Bg3 37. c5 Bf2 38. Rf1 Bxc5 39. h4
Rxg2 0-1

[Event "Festival"]
[Site "Marostica ITA"]
[Date "1995.09.??"]
[Round "7"]
[White "Rossi, Carlo"]
[Black "Micheli, Carlo"]
[Result "1/2-1/2"]
[WhiteElo "2330"]
[BlackElo "2295"]
[PlyCount "23"]
[EventDate "1995.09.08"]

1. e4 c5 2. Nf3 e6 3. d3 d6 4. g3 g6 5. Bg2 Bg7 6. O-O Nc6 7. c3 Nge7 8. Re1
O-O 9. Nbd2 Rb8 10. Nf1 b5 11. a4 b4 12. c4 1/2-1/2

[Event "Festival"]
[Site "Marostica ITA"]
[Date "1995.09.??"]
[Round "7"]
[White "Sarno, Spartaco"]
[Black "Mrdja, Milan"]
[Result "1/2-1/2"]
[WhiteElo "2405"]
[BlackElo "2450"]
[PlyCount "134"]
[EventDate "1995.09.08"]

1. c4 Nf6 2. Nc3 g6 3. g3 Bg7 4. Bg2 O-O 5. d3 d6 6. Rb1 e5 7. Nf3 Re8 8. O-O
c6 9. Bg5 Nbd7 10. Qc1 a5 11. b3 Qe7 12. a3 Qf8 13. b4 axb4 14. axb4 h6 15. Bd2
Kh7 16. Ne1 Qe7 17. Nc2 Qd8 18. b5 Nb8 19. Nb4 cxb5 20. Nxb5 e4 21. Bf4 Bf8 22.
dxe4 Na6 23. Nd5 Nxe4 24. Be3 Bg7 25. Rd1 Bf5 26. Nd4 Bc8 27. Nb6 Rb8 28. Nb5
Bf5 29. Nd4 Nac5 30. Nxf5 gxf5 31. Qc2 Qf6 32. Nd5 Qg6 33. Nf4 Qf6 34. Nd5 Qg6
35. Rb6 Rbc8 36. Nf4 Qf6 37. Nd5 Qe6 38. Bh3 Kh8 39. f3 Nc3 40. Bxf5 Nxd5 41.
Bxc5 Qe7 42. Bxc8 Nxb6 43. Bxb6 Rxc8 44. e4 Qe6 45. Rd5 f5 46. Qd3 fxe4 47.
fxe4 Re8 48. Rxd6 Qxe4 49. Qxe4 Rxe4 50. c5 Re7 51. Kf2 Kh7 52. Kf3 h5 53. Bd8
Re5 54. Bb6 Re7 55. Rd5 Kg6 56. Ba7 Be5 57. Bb6 Kf5 58. Rd8 Rg7 59. Rf8+ Ke6
60. Re8+ Kd5 61. Rd8+ Ke6 62. Ba5 Rg4 63. Re8+ Kd5 64. Re7 Ra4 65. Bb6 h4 66.
Bc7 Bd4 67. Bb6 Be5 1/2-1/2

[Event "Festival"]
[Site "Marostica ITA"]
[Date "1995.09.??"]
[Round "7"]
[White "Sedina, Elena"]
[Black "Manca, Federico"]
[Result "0-1"]
[WhiteElo "2350"]
[BlackElo "2355"]
[PlyCount "52"]
[EventDate "1995.09.08"]

1. e4 d6 2. d4 Nf6 3. Nc3 g6 4. Be3 c6 5. f3 Nbd7 6. Qd2 b5 7. h4 Nb6 8. g4 h6
9. Bd3 Bg7 10. Nge2 Qc7 11. Ng3 b4 12. Nce2 c5 13. c3 a5 14. h5 g5 15. Kf2 e6
16. dxc5 dxc5 17. cxb4 axb4 18. Rhc1 Nfd7 19. a3 bxa3 20. Rxa3 Rxa3 21. bxa3
O-O 22. Qc2 Ne5 23. Bxc5 Qxc5+ 24. Qxc5 Nxd3+ 25. Ke3 Nxc5 26. Rxc5 Bd7 0-1

[Event "Festival"]
[Site "Marostica ITA"]
[Date "1995.09.??"]
[Round "7"]
[White "Ventura, Sergio"]
[Black "Danieli, Enrico"]
[Result "1-0"]
[WhiteElo "1998"]
[BlackElo "1903"]
[PlyCount "41"]
[EventDate "1995.09.08"]

1. f4 e5 2. d3 Nc6 3. Nf3 d6 4. g3 Be7 5. Bg2 h5 6. fxe5 h4 7. exd6 Bxd6 8.
gxh4 Bg4 9. Bg5 f6 10. Be3 Nge7 11. Nbd2 Nd5 12. Nc4 Nxe3 13. Nxe3 Bxf3 14.
Bxf3 Nd4 15. c3 Nxf3+ 16. exf3 Rxh4 17. Nf5 Rh7 18. Qb3 Qd7 19. Qg8+ Bf8 20.
Qxh7 Qxd3 21. Nxg7+ 1-0

[Event "Festival"]
[Site "Marostica ITA"]
[Date "1995.09.??"]
[Round "8"]
[White "Bancod, Ronald"]
[Black "Sarno, Spartaco"]
[Result "1-0"]
[WhiteElo "2385"]
[BlackElo "2405"]
[PlyCount "75"]
[EventDate "1995.09.08"]

1. e4 d6 2. d4 Nf6 3. Nc3 g6 4. Nge2 Bg7 5. g3 O-O 6. Bg2 e5 7. O-O Nc6 8. dxe5
dxe5 9. Bg5 Qxd1 10. Rfxd1 Ne8 11. Nd5 f6 12. Be3 Rf7 13. c4 Bf8 14. c5 Bg4 15.
f3 Be6 16. a3 Rd8 17. b4 Rfd7 18. f4 Bg4 19. Ra2 Nd4 20. Nxd4 Bxd1 21. fxe5
fxe5 22. Ne6 c6 23. Nxf8 Kxf8 24. Bh6+ Ng7 25. Nf6 Rf7 26. Nxh7+ Kg8 27. Bg5
Bb3 28. Ra1 Rd1+ 29. Rxd1 Bxd1 30. Nf6+ Kh8 31. Bh3 Bf3 32. a4 Nh5 33. Ne8 Rf8
34. Nd6 b6 35. b5 cxb5 36. c6 bxa4 37. c7 b5 38. Bd8 1-0

[Event "Festival"]
[Site "Marostica ITA"]
[Date "1995.09.??"]
[Round "8"]
[White "Caruso, Augusto"]
[Black "Belotti, Bruno"]
[Result "0-1"]
[WhiteElo "2220"]
[BlackElo "2380"]
[PlyCount "106"]
[EventDate "1995.09.08"]

1. e4 c5 2. Nf3 d6 3. d4 cxd4 4. Nxd4 Nf6 5. Nc3 a6 6. Bc4 e6 7. Bb3 Nbd7 8.
O-O Nc5 9. f4 Be7 10. e5 dxe5 11. fxe5 Nxb3 12. axb3 Bc5 13. Be3 Nd5 14. Qf3
O-O 15. Nxd5 Qxd5 16. Qxd5 exd5 17. Nf5 Bxf5 18. Bxc5 Rfc8 19. Rxf5 Rxc5 20.
Raf1 Rc7 21. c3 Re8 22. Re1 Rce7 23. Kf2 Re6 24. Re3 Rb6 25. b4 a5 26. Rf4 axb4
27. Rxb4 Rxb4 28. cxb4 Kf8 29. Rc3 Rxe5 30. Rc8+ Ke7 31. Rc7+ Ke6 32. Rxb7 d4
33. Rb6+ Kf5 34. Rd6 Ke4 35. Ke2 Rb5 36. Rd7 Rxb4 37. Re7+ Kd5 38. Rxf7 Rxb2+
39. Kd3 Rxg2 40. Rf5+ Ke6 41. Rh5 h6 42. Kxd4 Re2 43. Kd3 Re1 44. Kd2 Re5 45.
Rxe5+ Kxe5 46. Ke3 Kf5 47. Kf3 Kg5 48. Kg3 h5 49. h3 Kf5 50. Kf3 g5 51. h4 g4+
52. Ke3 Ke5 53. Kf2 Ke4 0-1

[Event "Festival"]
[Site "Marostica ITA"]
[Date "1995.09.??"]
[Round "8"]
[White "Danieli, Enrico"]
[Black "Bertacco, Piero"]
[Result "1/2-1/2"]
[WhiteElo "1903"]
[BlackElo "1747"]
[PlyCount "113"]
[EventDate "1995.09.08"]

1. d4 d5 2. Nf3 Nf6 3. c4 e6 4. cxd5 exd5 5. Bg5 Nbd7 6. Nc3 Be7 7. e3 c6 8.
Bd3 h6 9. Bh4 Ne4 10. Bxe7 Qxe7 11. Qc2 Nxc3 12. Qxc3 O-O 13. O-O Re8 14. b4 a6
15. Rab1 Nf6 16. Rfc1 Ne4 17. Qc2 Nd6 18. a4 Bd7 19. Ne5 Rec8 20. Qc5 Be8 21.
h3 Qd8 22. a5 f5 23. Qc2 Qf6 24. Rb2 Rd8 25. Rf1 Qe6 26. f3 Bd7 27. Qf2 Rf8 28.
Qg3 Rf6 29. f4 Raf8 30. Rc2 Be8 31. Qe1 Kh8 32. Qh4 Nf7 33. g4 Nxe5 34. dxe5
Rg6 35. Rg2 Bd7 36. Bxf5 Rxf5 37. gxf5 Rxg2+ 38. Kxg2 Qxf5 39. Kh2 Kh7 40. Rg1
Be6 41. Qg3 Qf7 42. Qf3 Bf5 43. Qd1 Be4 44. Qg4 Bf5 45. Qh4 Be4 46. Rg5 Qe7 47.
Rg4 Qxb4 48. Qf2 Bf5 49. Rg1 Qxa5 50. Qb2 Qc7 51. Qa3 c5 52. Rc1 c4 53. Qf8 Qd7
54. h4 a5 55. Ra1 b6 56. Qd6 Qb5 57. Rg1 1/2-1/2

[Event "Festival"]
[Site "Marostica ITA"]
[Date "1995.09.??"]
[Round "8"]
[White "Di Lazzaro, Gabriele"]
[Black "Alberton, Roberto"]
[Result "1-0"]
[WhiteElo "2115"]
[BlackElo "2054"]
[PlyCount "53"]
[EventDate "1995.09.08"]

1. Nf3 c5 2. g3 Nc6 3. d4 e6 4. c4 cxd4 5. Nxd4 Bb4+ 6. Bd2 Be7 7. Bc3 Nf6 8.
Bg2 d5 9. O-O O-O 10. Nd2 Bd7 11. e4 Nxd4 12. Bxd4 dxc4 13. Nxc4 Bc6 14. Re1
Bb4 15. Re3 Rc8 16. Ne5 Ba4 17. b3 Bb5 18. a4 Ba6 19. h3 Qa5 20. Nd3 e5 21.
Bxe5 Nd7 22. Bxg7 Kxg7 23. Qg4+ Kh8 24. Nxb4 Ne5 25. Qf5 f6 26. Nd5 Ng6 27. b4
1-0

[Event "Festival"]
[Site "Marostica ITA"]
[Date "1995.09.??"]
[Round "8"]
[White "Duarte, Riccardo"]
[Black "Rossi, Giampiero"]
[Result "1-0"]
[WhiteElo "2050"]
[BlackElo "2135"]
[PlyCount "165"]
[EventDate "1995.09.08"]

1. e4 c5 2. f4 e6 3. Nf3 Nc6 4. Bb5 Nge7 5. c3 a6 6. Bxc6 Nxc6 7. d3 d5 8. Qe2
Be7 9. O-O O-O 10. Be3 b6 11. Na3 Bb7 12. Nc2 dxe4 13. dxe4 Qc7 14. Rad1 Rfd8
15. Bd2 a5 16. Qf2 Ba6 17. Rfe1 Rd7 18. Bc1 Rad8 19. Rxd7 Rxd7 20. Qg3 Qd8 21.
Ne3 g6 22. f5 exf5 23. exf5 Bd6 24. Qg4 Ne5 25. Nxe5 Bxe5 26. fxg6 hxg6 27. Nf5
Bf6 28. Ng3 Rd5 29. Ne4 Be7 30. Bf4 Bc8 31. Qe2 Bf5 32. Ng3 Be6 33. b3 Bf6 34.
Ne4 Bg7 35. h3 Bf5 36. Bg5 f6 37. Bf4 Qd7 38. Nf2 g5 39. Bg3 Rd2 40. Qh5 Qf7
41. Qf3 Qd7 42. Qa8+ Kh7 43. Ne4 Rxa2 44. Nd6 Rb2 45. Re8 Rxb3 46. Qd5 Rb1+ 47.
Kh2 Bg6 48. Qg8+ Kh6 49. Rb8 Rd1 50. Rb7 Rxd6 51. Rxd7 Rxd7 52. Qb8 Rd3 53.
Qxb6 Rxc3 54. Qxa5 Rc2 55. Be1 Be4 56. Bd2 c4 57. h4 c3 58. hxg5+ Kg6 59. Bxc3
Rxg2+ 60. Kh3 Rxg5 61. Qc7 Bf5+ 62. Kh2 Rg4 63. Qc6 Rh4+ 64. Kg1 Re4 65. Kf2
Re6 66. Qg2+ Kf7 67. Qb7+ Re7 68. Qf3 Be4 69. Qh5+ Bg6 70. Qd5+ Ke8 71. Qg8+
Kd7 72. Bb4 Rf7 73. Qb8 Ke6 74. Qd6+ Kf5 75. Qd3+ Ke6 76. Qxg6 Bf8 77. Qe4+ Kd7
78. Qd5+ Ke8 79. Qe6+ Be7 80. Qc8+ Bd8 81. Ba5 Rd7 82. Bxd8 Rxd8 83. Qe6+ 1-0

[Event "Festival"]
[Site "Marostica ITA"]
[Date "1995.09.??"]
[Round "8"]
[White "Giuriati, Paolo"]
[Black "Negro, Roberto"]
[Result "1-0"]
[WhiteElo "1957"]
[BlackElo "2164"]
[PlyCount "63"]
[EventDate "1995.09.08"]

1. d4 Nc6 2. Nf3 d6 3. e3 Nf6 4. c4 Bg4 5. Be2 e6 6. Nbd2 Be7 7. b4 O-O 8. a3
Re8 9. O-O Bf8 10. Bb2 Ne7 11. Qb3 Ng6 12. Rfe1 e5 13. dxe5 dxe5 14. Rad1 Qc8
15. c5 Qf5 16. Nf1 h5 17. Ng3 Qc8 18. Ng5 Nh8 19. f3 Be6 20. Nxe6 Rxe6 21. Bc4
Re8 22. Rd2 c6 23. Red1 b5 24. cxb6 axb6 25. f4 exf4 26. Bxf6 fxg3 27. Rd7
gxh2+ 28. Kh1 Kh7 29. Bxf7 Kh6 30. Bxe8 Qxe8 31. Qg8 Ng6 32. Rxg7 1-0

[Event "Festival"]
[Site "Marostica ITA"]
[Date "1995.09.??"]
[Round "8"]
[White "Lucaroni, Massimiliano"]
[Black "Ventura, Sergio"]
[Result "1-0"]
[WhiteElo "2280"]
[BlackElo "1998"]
[PlyCount "21"]
[EventDate "1995.09.08"]

1. e4 c6 2. d4 d5 3. Nc3 dxe4 4. Nxe4 Nd7 5. Ng5 Ngf6 6. Bd3 c5 7. N1f3 cxd4 8.
O-O e6 9. Re1 Nc5 10. Ne5 Qd5 11. Bc4 1-0

[Event "Festival"]
[Site "Marostica ITA"]
[Date "1995.09.??"]
[Round "8"]
[White "Manca, Federico"]
[Black "Rossi, Carlo"]
[Result "1/2-1/2"]
[WhiteElo "2355"]
[BlackElo "2330"]
[PlyCount "27"]
[EventDate "1995.09.08"]

1. e4 c6 2. d4 d5 3. Nc3 dxe4 4. Nxe4 Bf5 5. Ng3 Bg6 6. Nf3 Nd7 7. h4 h6 8. h5
Bh7 9. Bd3 Bxd3 10. Qxd3 Qc7 11. Bd2 e6 12. O-O-O O-O-O 13. Ne4 Ngf6 14. g3
1/2-1/2

[Event "Festival"]
[Site "Marostica ITA"]
[Date "1995.09.??"]
[Round "8"]
[White "Mantovani, Renzo"]
[Black "Borgo, Giulio"]
[Result "1-0"]
[WhiteElo "2365"]
[BlackElo "2345"]
[PlyCount "77"]
[EventDate "1995.09.08"]

1. Nf3 c5 2. e3 Nf6 3. b3 g6 4. Bb2 Bg7 5. c4 b6 6. Be2 Bb7 7. O-O O-O 8. d4
cxd4 9. Nxd4 d6 10. Bf3 Qc8 11. Nc3 Nbd7 12. Nd5 Re8 13. Rc1 Ne5 14. Be2 Qb8
15. f4 Ned7 16. Bf3 e6 17. Nc6 Bxc6 18. Nxf6+ Bxf6 19. Bxc6 Bxb2 20. Rc2 Ba3
21. Bxd7 Bc5 22. Qf3 Qc7 23. Bxe8 Rxe8 24. Kh1 a5 25. h3 Qd7 26. Rd2 e5 27. Rd5
exf4 28. Qxf4 f5 29. Rf3 Qg7 30. Rxf5 Qa1+ 31. Rf1 Qxf1+ 32. Qxf1 gxf5 33. Qxf5
Rxe3 34. h4 Kg7 35. Qg5+ Kf7 36. Qh6 Kg8 37. Qf6 Re5 38. g4 Re1+ 39. Kh2 1-0

[Event "Festival"]
[Site "Marostica ITA"]
[Date "1995.09.??"]
[Round "8"]
[White "Mrdja, Milan"]
[Black "Csom, Istvan"]
[Result "0-1"]
[WhiteElo "2450"]
[BlackElo "2455"]
[PlyCount "102"]
[EventDate "1995.09.08"]

1. e4 c5 2. Nf3 a6 3. c4 e6 4. Nc3 Qc7 5. d4 cxd4 6. Nxd4 Nf6 7. a3 d6 8. Be3
Nbd7 9. Be2 b6 10. Rc1 Bb7 11. f3 Rc8 12. O-O Be7 13. Qe1 Qb8 14. g4 h6 15. Qf2
Bd8 16. Nb3 Bc7 17. Nd2 Qa8 18. Rce1 d5 19. exd5 exd5 20. f4 O-O 21. g5 hxg5
22. fxg5 Ne4 23. Ndxe4 dxe4 24. Rd1 Ne5 25. Nd5 Bxd5 26. Rxd5 Qc6 27. Qf5 Rce8
28. Qxe4 Ng6 29. Qd4 Qe6 30. Rf3 Ne5 31. Rxe5 Bxe5 32. Qh4 Bxb2 33. Rh3 Qxe3+
34. Rxe3 Rxe3 35. Kf2 Rfe8 36. Bf3 g6 37. Qf4 R3e5 38. Kg2 Bxa3 39. h4 Bc5 40.
Qd2 a5 41. Qd7 R8e7 42. Qc6 Rf5 43. Be4 Rf2+ 44. Kg3 Re2 45. Bf3 R2e3 46. Kg2
Kg7 47. Qd5 R7e5 48. Qd7 Re7 49. Qd1 Re1 50. Qd2 R7e5 51. Kg3 a4 0-1

[Event "Festival"]
[Site "Marostica ITA"]
[Date "1995.09.??"]
[Round "8"]
[White "Nurkic, Sahbaz"]
[Black "Godena, Michele"]
[Result "0-1"]
[WhiteElo "2420"]
[BlackElo "2420"]
[PlyCount "90"]
[EventDate "1995.09.08"]

1. e4 e5 2. Nf3 Nc6 3. Bb5 a6 4. Ba4 Nf6 5. O-O b5 6. Bb3 Bc5 7. c3 d6 8. d4
Bb6 9. Re1 Bg4 10. d5 Ne7 11. h3 Bd7 12. Nbd2 c6 13. dxc6 Bxc6 14. Bc2 O-O 15.
Nf1 Ng6 16. Ng3 Re8 17. Be3 Bxe3 18. Rxe3 d5 19. exd5 Nxd5 20. Re1 Ndf4 21. Be4
Bxe4 22. Nxe4 Nd3 23. Rf1 Nxb2 24. Qb3 Nc4 25. a4 Qd5 26. Rfe1 Rad8 27. axb5
axb5 28. Rab1 f5 29. Ng3 e4 30. Nd4 f4 31. Nf1 Rb8 32. Nd2 e3 33. fxe3 Nh4 34.
e4 Qg5 35. Re2 Kh8 36. Nxc4 f3 37. Nd6 Rf8 38. Rf2 Nxg2 39. Kh1 Qg3 40. Qe6
Qxf2 41. Rxb5 Ra8 42. Ra5 Rab8 43. Rb5 Rbd8 44. Rf5 h6 45. Nxf3 Ne3 0-1

[Event "Festival"]
[Site "Marostica ITA"]
[Date "1995.09.??"]
[Round "8"]
[White "Pastres, Roberto"]
[Black "Pegoraro, Giorgio"]
[Result "1/2-1/2"]
[WhiteElo "2220"]
[BlackElo "2094"]
[PlyCount "128"]
[EventDate "1995.09.08"]

1. d4 Nf6 2. c4 g6 3. Nc3 Bg7 4. e4 O-O 5. f4 d6 6. Nf3 c5 7. d5 b5 8. cxb5 a6
9. Be2 axb5 10. e5 dxe5 11. fxe5 Ng4 12. d6 Nxe5 13. Nxe5 Bxe5 14. Qd5 Bxc3+
15. bxc3 Ra6 16. Bh6 e6 17. Qe4 f5 18. Qe3 c4 19. Bxf8 Qxf8 20. O-O Qxd6 21.
Rfd1 Qc7 22. Qd4 Bd7 23. a4 bxa4 24. Bxc4 Ra7 25. Ba2 Nc6 26. Qc5 Ne5 27. Qd6
Kf7 28. Rab1 Qxd6 29. Rxd6 Rc7 30. c4 Ke7 31. Rd4 Nc6 32. Rh4 h5 33. Rh3 e5 34.
Rg3 Kf6 35. Rb6 e4 36. Ra3 Ke5 37. Rb5+ Kf4 38. g3+ Kg5 39. Kf2 Nd4 40. Rb6 Nc2
41. Rc3 Nd4 42. c5 Nc6 43. Bd5 Ne7 44. Bf7 Bc6 45. Ra6 Kf6 46. Be8 Ke5 47. Bxc6
Rxc6 48. Rxa4 g5 49. Rc1 Nd5 50. Ra8 Nb4 51. Re8+ Kd4 52. Rd8+ Ke5 53. Rc4 Nd3+
54. Ke2 h4 55. gxh4 gxh4 56. Rh8 h3 57. Kf1 Nf4 58. Re8+ Kd5 59. Rc2 Kd4 60.
Kf2 Nd5 61. Rd8 Ke5 62. Rh8 Nf4 63. Re8+ Kd4 64. Rd8+ Ke5 1/2-1/2

[Event "Festival"]
[Site "Marostica ITA"]
[Date "1995.09.??"]
[Round "8"]
[White "Ventura, Boris"]
[Black "Micheli, Carlo"]
[Result "0-1"]
[WhiteElo "2038"]
[BlackElo "2295"]
[PlyCount "54"]
[EventDate "1995.09.08"]

1. e4 c6 2. d4 g6 3. Nc3 Bg7 4. Bc4 d6 5. Qf3 e6 6. Nge2 Nd7 7. a4 Ngf6 8. h4
e5 9. h5 exd4 10. Nxd4 Ne5 11. Qe2 Nxh5 12. Ba2 Qb6 13. Nf5 Bxf5 14. exf5 O-O-O
15. a5 Qb4 16. Be6+ fxe6 17. Ra4 Nf3+ 18. Kf1 Nd4 19. Rxb4 Nxe2 20. Nxe2 exf5
21. a6 Rd7 22. Rh3 c5 23. Rb5 b6 24. b4 Re8 25. Ng1 Re4 26. Rb3 Rc4 27. Bb2
Rxc2 0-1